| 000 | 00648nam a2200205Ia 4500 | ||
|---|---|---|---|
| 008 | 140321s9999 xx 000 0 und d | ||
| 020 | _a9781441169044 | ||
| 050 |
_aLB 1025.3 _b.T83 2013 |
||
| 100 | _aTurnbull, Jacquie | ||
| 245 |
_a9 habits of highly effective teachers : _ba practical guide to empowerment / _cJacquie Turnbull. |
||
| 250 | _a2nd ed. | ||
| 260 |
_aNew York : _bBloomsbury Education, _cc2013. |
||
| 300 |
_a230 p. : _bill. ; _c22 cm. |
||
| 500 | _aIncludes bibliographical references and index. | ||
| 521 | _aGE | ||
| 650 | _aEducational leadership. | ||
| 650 | _aEffective teaching. | ||
| 942 |
_kFOR _cBK |
||
| 999 |
_c48642 _d48642 |
||